<?xml version="1.0" encoding="UTF-8"?>
<record
    xmlns:xsi="http://www.w3.org/2001/XMLSchema-instance"
    xsi:schemaLocation="http://www.loc.gov/MARC21/slim http://www.loc.gov/standards/marcxml/schema/MARC21slim.xsd"
    xmlns="http://www.loc.gov/MARC21/slim">

  <leader>03580cam a2200397   4500500</leader>
  <controlfield tag="005">20260517000312.0</controlfield>
  <datafield tag="041" ind1=" " ind2=" ">
    <subfield code="a">fre</subfield>
  </datafield>
  <datafield tag="042" ind1=" " ind2=" ">
    <subfield code="a">dc</subfield>
  </datafield>
  <datafield tag="100" ind1="1" ind2="0">
    <subfield code="a">Castiel, Didier</subfield>
    <subfield code="e">author</subfield>
  </datafield>
  <datafield tag="700" ind1="1" ind2="0">
    <subfield code="a">Br&#xE9;chat, Pierre-Henri</subfield>
    <subfield code="e">author</subfield>
  </datafield>
  <datafield tag="700" ind1="1" ind2="0">
    <subfield code="a">Mathieu-Grenouilleau,</subfield>
    <subfield code="e">author</subfield>
  </datafield>
  <datafield tag="700" ind1="1" ind2="0">
    <subfield code="a">Rymer, Roland</subfield>
    <subfield code="e">author</subfield>
  </datafield>
  <datafield tag="245" ind1="0" ind2="0">
    <subfield code="a">Handicap social et h&#xF4;pitaux publics&#xA0;: pour un mod&#xE8;le d'allocation de ressources dans le cadre d'une politique de sant&#xE9; publique</subfield>
  </datafield>
  <datafield tag="260" ind1=" " ind2=" ">
    <subfield code="c">2009.
							</subfield>
  </datafield>
  <datafield tag="500" ind1=" " ind2=" ">
    <subfield code="a">7</subfield>
  </datafield>
  <datafield tag="520" ind1=" " ind2=" ">
    <subfield code="a">R&#xE9;sum&#xE9;L&#x2019;administration d&#x2019;un questionnaire de handicap social aupr&#xE8;s de 696 usagers du 14 mars au 4 avril 2007 a permis de mesurer, avec les donn&#xE9;es PMSI, que les trois quarts de la population &#xE9;tudi&#xE9;e pr&#xE9;sentent un handicap social. Pour 19,2&#xA0;%, il s&#x2019;agit d&#x2019;un handicap social fort. Les trois indicateurs &#xAB;&#xA0;revenu&#xA0;&#xBB;, &#xAB;&#xA0;capital mobilier&#xA0;&#xBB; et &#xAB;&#xA0;confort int&#xE9;rieur&#xA0;&#xBB; sont des d&#xE9;terminants majeurs du handicap social. L&#x2019;&#xE9;tat de sant&#xE9; plus d&#xE9;grad&#xE9; n&#x2019;est pas la particularit&#xE9; des patients les plus handicap&#xE9;s sociaux et il n&#x2019;entra&#xEE;ne pas de r&#xE9;elle surconsommation m&#xE9;dicale. Les personnes ayant un handicap social restent hospitalis&#xE9;es plus d&#x2019;un jour et demi de plus en moyenne. Cela permet d&#x2019;en d&#xE9;duire un surco&#xFB;t hospitalier de 10,3 millions d&#x2019;euros. Un mod&#xE8;le de mesure du handicap social est propos&#xE9; et peut &#xEA;tre utilis&#xE9; d&#xE8;s l&#x2019;admission et en routine pour rep&#xE9;rer les personnes ayant un handicap social, afin de leur proposer des aides sp&#xE9;cifiques et diminuer la dur&#xE9;e moyenne de s&#xE9;jour (DMS). Il peut permettre le suivi d&#x2019;une politique de sant&#xE9; publique.</subfield>
  </datafield>
  <datafield tag="520" ind1=" " ind2=" ">
    <subfield code="a">Social disability and public hospitals: towards a model of resource allocationA recent study to measure social disability used the results of a questionnaire administered to 696 patients between March 14th and April 7th 2007 which showed that three-quarters of the population surveyed have a social disability. Major determinants of social disadvantage are found using three specific indicators: income, assets and home-interior comfort. A greater deterioration of poor health status was not particularly noted within the most socially disadvantage group of patients, and social disability did not lead to actual over-consumption of medical products or services. People with social disabilities remained hospitalised more than 1.5 days over the average length of hospital stay which accounts for an inferred additional costs to hospital budgets equivalent to 10.3 million &#x20AC;.The article proposes a model for measuring social disability that can be used routinely upon patient admission to identify socially disadvantaged cases in order to offer those patients specific and tailored assistance and reduce the length of their stay. This model may also support public health policy monitoring.</subfield>
  </datafield>
  <datafield tag="690" ind1=" " ind2=" ">
    <subfield code="a">handicap social</subfield>
  </datafield>
  <datafield tag="690" ind1=" " ind2=" ">
    <subfield code="a">h&#xF4;pital public</subfield>
  </datafield>
  <datafield tag="690" ind1=" " ind2=" ">
    <subfield code="a">in&#xE9;galit&#xE9;s de sant&#xE9;</subfield>
  </datafield>
  <datafield tag="690" ind1=" " ind2=" ">
    <subfield code="a">politique</subfield>
  </datafield>
  <datafield tag="690" ind1=" " ind2=" ">
    <subfield code="a">pr&#xE9;carit&#xE9;</subfield>
  </datafield>
  <datafield tag="690" ind1=" " ind2=" ">
    <subfield code="a">programme de m&#xE9;dicalisation du syst&#xE8;me d'information (PMSI)</subfield>
  </datafield>
  <datafield tag="690" ind1=" " ind2=" ">
    <subfield code="a">sant&#xE9; publique</subfield>
  </datafield>
  <datafield tag="690" ind1=" " ind2=" ">
    <subfield code="a">usagers</subfield>
  </datafield>
  <datafield tag="690" ind1=" " ind2=" ">
    <subfield code="a">French hospital information system (PMSI)</subfield>
  </datafield>
  <datafield tag="690" ind1=" " ind2=" ">
    <subfield code="a">health inequalities</subfield>
  </datafield>
  <datafield tag="690" ind1=" " ind2=" ">
    <subfield code="a">patients</subfield>
  </datafield>
  <datafield tag="690" ind1=" " ind2=" ">
    <subfield code="a">policy</subfield>
  </datafield>
  <datafield tag="690" ind1=" " ind2=" ">
    <subfield code="a">precariousness</subfield>
  </datafield>
  <datafield tag="690" ind1=" " ind2=" ">
    <subfield code="a">public health</subfield>
  </datafield>
  <datafield tag="690" ind1=" " ind2=" ">
    <subfield code="a">public hospital</subfield>
  </datafield>
  <datafield tag="690" ind1=" " ind2=" ">
    <subfield code="a">social disability</subfield>
  </datafield>
  <datafield tag="786" ind1="0" ind2=" ">
    <subfield code="n">Sant&#xE9; Publique | 21 | 2 | 2009-05-19 | p. 195-212 | 0995-3914</subfield>
  </datafield>
  <datafield tag="856" ind1="4" ind2="1">
    <subfield code="u">https://stm.cairn.info/revue-sante-publique-2009-2-page-195?lang=fr&amp;redirect-ssocas=7080</subfield>
  </datafield>
  <datafield tag="999" ind1=" " ind2=" ">
    <subfield code="c">2231124</subfield>
    <subfield code="d">2231124</subfield>
  </datafield>
</record>
